[Event "Condigne Dutch Open 2016"]
[Site "dieren"]
[Date "2016.07.27"]
[Round "2"]
[White "Lecomte, Robin"]
[Black "Hausrath, Daniel"]
[Result "0-1"]
[WhiteElo "2288"]
[BlackElo "2483"]
[PlyCount "110"]
[EventDate "2016.07.27"]
[EventCountry "NED"]
[TimeControl "6000+1945"]
[WhiteClock "0:09:36"]
[BlackClock "0:18:02"]

1. c4 Nf6 2. Nc3 g6 3. e4 d6 4. d4 Bg7 5. Nf3 O-O 6. Be2 c5 7. O-O cxd4 8. Nxd4
Nc6 9. Be3 Bd7 10. f3 Nxd4 11. Bxd4 a5 12. a4 Bc6 13. Qd2 Nd7 14. Bxg7 Kxg7 15.
Qd4+ f6 16. Rf2 Nc5 17. Bd1 e5 18. Qe3 Qb6 19. b3 Rfd8 20. Rd2 Nxa4 21. Qxb6
Nxb6 22. Rda2 a4 23. Nxa4 Nxa4 24. bxa4 Ra5 25. Kf2 f5 26. Ke3 Kf6 27. Bc2 h5
28. Rd1 Rc5 29. Bb3 Ke7 30. Rad2 Ra5 31. g3 fxe4 32. fxe4 Raa8 33. Ra1 Rf8 34.
Rad1 Rf6 35. Rb1 Raf8 36. Bd1 Rf1 37. Rdb2 Kd8 38. Be2 R1f2 39. a5 Kc7 40. Bd1
Rxb2 41. Rxb2 Rf1 42. Rd2 Re1+ 43. Kf2 Rxe4 44. Be2 h4 45. Rd1 hxg3+ 46. hxg3
g5 47. Rd2 Rd4 48. Rxd4 exd4 49. Bg4 Be4 50. Ke2 Kc6 51. Bc8 Kc5 52. a6 bxa6
53. Bxa6 Bf5 54. Kd2 Kb6 55. Bb5 d5 0-1

[Event "Condigne Dutch Open 2016"]
[Site "dieren"]
[Date "2016.07.27"]
[Round "2"]
[White "Pruijssers, Roeland"]
[Black "Van Osch, Mees"]
[Result "1-0"]
[WhiteElo "2463"]
[BlackElo "2275"]
[PlyCount "61"]
[EventDate "2016.07.27"]
[EventCountry "NED"]
[TimeControl "6000+875"]
[WhiteClock "0:24:54"]
[BlackClock "0:12:40"]

1. e4 e6 2. d4 d5 3. Nd2 Nc6 4. Ngf3 Nf6 5. e5 Nd7 6. Nb3 a5 7. a4 b6 8. Bb5
Na7 9. Bd3 Be7 10. O-O c5 11. dxc5 bxc5 12. c4 Bb7 13. Qe2 O-O 14. Bf4 Nc6 15.
cxd5 exd5 16. Bb5 Re8 17. e6 Bf6 18. exf7+ Kxf7 19. Qd3 Nb4 20. Qf5 Nf8 21.
Bxe8+ Qxe8 22. Nxc5 Bc8 23. Qh5+ g6 24. Qh6 Bxb2 25. Rae1 Qd8 26. Bg5 Bf6 27.
Bxf6 Qxf6 28. Ng5+ Kg8 29. Re8 Qg7 30. Rxf8+ Qxf8 31. Qxh7# 1-0

[Event "Condigne Dutch Open 2016"]
[Site "dieren"]
[Date "2016.07.27"]
[Round "2"]
[White "Vedder, Richard"]
[Black "Debashis, Das"]
[Result "0-1"]
[WhiteElo "2268"]
[BlackElo "2451"]
[PlyCount "50"]
[EventDate "2016.07.27"]
[EventCountry "NED"]
[TimeControl "6000+1190"]
[WhiteClock "0:32:27"]
[BlackClock "1:03:24"]

1. e4 c5 2. Nf3 d6 3. d4 cxd4 4. Nxd4 Nf6 5. Nc3 a6 6. Be3 e5 7. Nb3 Be6 8. Qd2
Nbd7 9. f4 Rc8 10. f5 Bxb3 11. axb3 d5 12. exd5 Bb4 13. Qd3 O-O 14. Bd2 e4 15.
Qe3 Bc5 16. Qf4 e3 17. Bc1 Nb6 18. Qh4 Nbxd5 19. Nxd5 Qxd5 20. Bd3 Qxg2 21. Rf1
e2 22. Rf2 Qg1+ 23. Kxe2 Rfe8+ 24. Kf3 Bxf2 25. Qxf2 Qg4# 0-1

[Event "Condigne Dutch Open 2016"]
[Site "dieren"]
[Date "2016.07.27"]
[Round "2"]
[White "Schippers, Maurice"]
[Black "Milov, Leonid"]
[Result "1-0"]
[WhiteElo "2220"]
[BlackElo "2430"]
[PlyCount "51"]
[EventDate "2016.07.27"]
[EventCountry "NED"]

1. e4 c5 2. Nf3 e6 3. d4 cxd4 4. Nxd4 Nc6 5. Nc3 Qc7 6. Be3 a6 7. Qd2 Nf6 8. f4
Bb4 9. Bd3 Na5 10. O-O Nc4 11. Bxc4 Qxc4 12. e5 Nd5 13. Nf5 O-O 14. Rad1 b5 15.
Qf2 Nxe3 16. Nxe3 Qc6 17. f5 Bb7 18. f6 Bc5 19. Rd3 gxf6 20. Kh1 f5 21. Qh4
Bxe3 22. Nd5 exd5 23. Rxe3 f6 24. Rxf5 Qxc2 25. Rg3+ Kh8 26. Qxh7+ 1-0

[Event "Condigne Dutch Open 2016"]
[Site "dieren"]
[Date "2016.07.27"]
[Round "2"]
[White "Beerdsen, Thomas"]
[Black "Vrolijk, Liam"]
[Result "1-0"]
[WhiteElo "2414"]
[BlackElo "2213"]
[PlyCount "75"]
[EventDate "2016.07.27"]
[EventCountry "NED"]

1. e4 e6 2. d4 d5 3. e5 c5 4. c3 Nc6 5. Nf3 Qb6 6. Bd3 cxd4 7. cxd4 Bd7 8. O-O
Nxd4 9. Nbd2 Nxf3+ 10. Nxf3 Ne7 11. Be3 Qd8 12. Bc5 Nc6 13. Bxf8 Kxf8 14. Rc1
h6 15. h4 Qe7 16. Qd2 g6 17. a3 Kg7 18. b4 a6 19. Qe3 Raf8 20. Qb6 Be8 21. a4
Nxb4 22. Rc7 Qd8 23. Nd4 Bd7 24. Qxb7 Bc8 25. Rxc8 Qxc8 26. Qxb4 Qb8 27. Nxe6+
fxe6 28. Qe7+ Rf7 29. Qxe6 Qc7 30. Qxg6+ Kf8 31. e6 Rf4 32. Re1 Qe7 33. Rb1 Qa7
34. e7+ Kxe7 35. Qg7+ Rf7 36. Qe5+ Kd7 37. Bf5+ Kc6 38. Qxh8 1-0

[Event "Condigne Dutch Open 2016"]
[Site "dieren"]
[Date "2016.07.27"]
[Round "2"]
[White "Sahil, Tickoo"]
[Black "Zwirs, Nico"]
[Result "1/2-1/2"]
[WhiteElo "2016"]
[BlackElo "2374"]
[PlyCount "184"]
[EventDate "2016.07.27"]
[EventCountry "NED"]

1. d4 Nf6 2. c4 e6 3. Nc3 Bb4 4. Qc2 d5 5. a3 Bxc3+ 6. Qxc3 O-O 7. Nf3 b6 8.
Bg5 dxc4 9. Qxc4 Ba6 10. Qa4 Qd7 11. Qc2 Rc8 12. Bxf6 gxf6 13. Rd1 Qd5 14. e4
Qa5+ 15. Qd2 Qxd2+ 16. Kxd2 Bb7 17. Bd3 Nd7 18. Rc1 c5 19. Ke3 e5 20. dxc5 Nxc5
21. b4 Nxd3 22. Kxd3 f5 23. Nxe5 Re8 24. Nc6 Rxe4 25. f3 Ba6+ 26. Kc3 Re3+ 27.
Kb2 Re2+ 28. Kb3 Rxg2 29. Rhg1 Rxg1 30. Rxg1+ Kf8 31. a4 Bc8 32. b5 a6 33. Rd1
axb5 34. axb5 Be6+ 35. Kb4 Ra2 36. Rd8+ Kg7 37. Rb8 Rb2+ 38. Ka4 Ra2+ 39. Kb4
Rb2+ 40. Ka4 Rxh2 41. Rxb6 h5 42. Nd4 h4 43. Nxe6+ fxe6 44. Rxe6 h3 45. Re1 Rb2
46. Rh1 h2 47. f4 Kg6 48. Ka3 Rxb5 49. Rxh2 Rb1 50. Rg2+ Kf6 51. Rf2 Kg6 52.
Rg2+ Kf6 53. Rf2 Rg1 54. Kb3 Kg6 55. Kc3 Kh5 56. Kd3 Kg4 57. Ke3 Rg3+ 58. Ke2
Ra3 59. Kf1 Kg3 60. Rg2+ Kxf4 61. Rf2+ Ke4 62. Re2+ Kf4 63. Rf2+ Ke4 64. Re2+
Kd4 65. Re8 Re3 66. Ra8 Ke4 67. Kf2 Rf3+ 68. Kg2 Rd3 69. Ra4+ Ke5 70. Kf2 Kf6
71. Ra6+ Kg5 72. Ra4 Rb3 73. Rc4 Rb2+ 74. Kf3 Rb3+ 75. Kf2 Rh3 76. Ra4 Rh2+ 77.
Kg3 Rh1 78. Kg2 Rh8 79. Kg3 Rh7 80. Rb4 Re7 81. Kf3 Re1 82. Kf2 Re4 83. Rxe4
fxe4 84. Ke3 Kf5 85. Ke2 Kf4 86. Kf2 e3+ 87. Ke2 Ke4 88. Ke1 Kd4 89. Ke2 Ke4
90. Ke1 Kf3 91. Kf1 e2+ 92. Ke1 Ke3 1/2-1/2

[Event "Condigne Dutch Open 2016"]
[Site "dieren"]
[Date "2016.07.27"]
[Round "2"]
[White "Maris, Ivo"]
[Black "Sparenberg, Erik"]
[Result "1-0"]
[WhiteElo "2370"]
[BlackElo "2147"]
[PlyCount "93"]
[EventDate "2016.07.27"]
[EventCountry "NED"]

1. Nf3 d5 2. g3 Bf5 3. Bg2 Nf6 4. O-O e6 5. d3 Be7 6. c4 c6 7. cxd5 cxd5 8. Qb3
b6 9. Nd4 Bg6 10. Bf4 O-O 11. Rc1 Nh5 12. Be5 Nd7 13. Nc6 Rc8 14. Nxe7+ Qxe7
15. Bc3 f5 16. Nd2 f4 17. Nf3 fxg3 18. hxg3 Nc5 19. Qa3 Qb7 20. Bd4 Nf6 21. b4
Ncd7 22. Qb2 Rxc1+ 23. Rxc1 Rc8 24. Rc3 Rc7 25. Qc1 Rxc3 26. Qxc3 Ne8 27. b5
Bh5 28. Ng5 Nf8 29. e4 Qe7 30. Nf3 Nd6 31. Qb4 Nf5 32. Qxe7 Nxe7 33. Ne5 dxe4
34. dxe4 Be8 35. Bf1 Nfg6 36. Bc4 Nxe5 37. Bxe5 Kf7 38. f4 g6 39. g4 Bd7 40. f5
Nc8 41. g5 gxf5 42. exf5 Ne7 43. f6 Nd5 44. Bd3 Be8 45. Bxh7 Nxf6 46. Bxf6 Bxb5
47. Be5 1-0

[Event "Condigne Dutch Open 2016"]
[Site "dieren"]
[Date "2016.07.27"]
[Round "2"]
[White "Kollen, Zyon"]
[Black "Hendriks, Willy"]
[Result "1/2-1/2"]
[WhiteElo "2310"]
[BlackElo "2407"]
[PlyCount "53"]
[EventDate "2016.07.27"]
[EventCountry "NED"]

1. e4 c5 2. Nf3 Nc6 3. d4 cxd4 4. Nxd4 e5 5. Nb5 d6 6. c4 Be7 7. N1c3 a6 8. Na3
f5 9. exf5 Bxf5 10. Bd3 Be6 11. O-O Nf6 12. Nc2 O-O 13. Ne3 Nd4 14. Ncd5 b5 15.
b3 Rb8 16. Bb2 Qd7 17. Nxe7+ Qxe7 18. Bxd4 exd4 19. Nf5 Bxf5 20. Bxf5 bxc4 21.
Qxd4 cxb3 22. axb3 d5 23. Rxa6 Rxb3 24. Rxf6 Rxf6 25. Qxd5+ Qf7 26. Qd8+ Qf8
27. Qd5+ 1/2-1/2

[Event "Condigne Dutch Open 2016"]
[Site "dieren"]
[Date "2016.07.27"]
[Round "2"]
[White "Van Dooren, Dirk"]
[Black "Zwirs, Jasper"]
[Result "1-0"]
[WhiteElo "2390"]
[BlackElo "2071"]
[PlyCount "113"]
[EventDate "2016.07.27"]
[EventCountry "NED"]

1. e4 c5 2. Nf3 d6 3. d4 cxd4 4. Nxd4 Nf6 5. Nc3 a6 6. Bg5 e6 7. f4 h6 8. Bh4
Qb6 9. a3 Nc6 10. Bf2 Qc7 11. Be2 Be7 12. O-O Bd7 13. Qd3 g5 14. Nxc6 Bxc6 15.
f5 e5 16. Nd5 Bxd5 17. exd5 b5 18. Rac1 Rc8 19. c4 bxc4 20. Rxc4 Qxc4 21. Qxc4
Rxc4 22. Bxc4 Kd7 23. Bxa6 Rb8 24. b4 Nxd5 25. Bc4 Nc7 26. Bxf7 d5 27. Re1 Bd6
28. Rd1 d4 29. Bc4 Nb5 30. Rd3 Ke7 31. Bxb5 Rxb5 32. Rh3 Rd5 33. Kf1 e4 34. Ke1
e3 35. Bxe3 dxe3 36. Rxe3+ Re5 37. Kd2 Rxe3 38. Kxe3 Bxh2 39. g4 Bg1+ 40. Ke4
Kd6 41. a4 Bf2 42. a5 Be1 43. a6 Bf2 44. b5 Bg1 45. f6 Ke6 46. f7 Kxf7 47. Kd5
h5 48. gxh5 g4 49. Ke4 g3 50. Kf3 Ke7 51. Kxg3 Kd7 52. Kf3 Kc7 53. Ke4 Bc5 54.
h6 Bf8 55. h7 Bg7 56. a7 Kb7 57. b6 1-0

[Event "Condigne Dutch Open 2016"]
[Site "dieren"]
[Date "2016.07.27"]
[Round "2"]
[White "Nachbar, Benjamin"]
[Black "Van Mierlo, Guido"]
[Result "1-0"]
[WhiteElo "2124"]
[BlackElo "2116"]
[PlyCount "41"]
[EventDate "2016.07.27"]
[EventCountry "NED"]

1. c4 e5 2. Nc3 Nf6 3. f4 exf4 4. d4 d5 5. Bxf4 Bb4 6. e3 O-O 7. Nf3 c5 8. Be2
Nc6 9. O-O Bxc3 10. bxc3 h6 11. Ne5 Be6 12. Rb1 dxc4 13. Rxb7 Nxe5 14. Bxe5 Nd5
15. Qd2 Qa5 16. Bxc4 Nxe3 17. Bxe6 Nxf1 18. Qf4 Qa6 19. Rxf7 Qxe6 20. Rxg7+ Kh8
21. Rg6+ 1-0

[Event "Condigne Dutch Open 2016"]
[Site "dieren"]
[Date "2016.07.27"]
[Round "2"]
[White "Sagar, Shah"]
[Black "Roorda, Thijs"]
[Result "1-0"]
[WhiteElo "2433"]
[BlackElo "2115"]
[PlyCount "39"]
[EventDate "2016.07.27"]
[EventCountry "NED"]

1. d4 e6 2. c4 f5 3. g3 Nf6 4. Bg2 Be7 5. Nf3 O-O 6. O-O d6 7. Nc3 Ne4 8. Qc2
Nxc3 9. bxc3 Nc6 10. d5 Na5 11. dxe6 Bxe6 12. Nd4 Bxc4 13. Nxf5 Bf6 14. Rd1 Qe8
15. e4 Qh5 16. Bf4 Rae8 17. Ne3 Qf7 18. e5 Bxe5 19. Nxc4 Nxc4 20. Bd5 1-0

[Event "Condigne Dutch Open 2016"]
[Site "dieren"]
[Date "2016.07.27"]
[Round "2"]
[White "Evengroen, Jan"]
[Black "Bus, Tom"]
[Result "0-1"]
[WhiteElo "2097"]
[BlackElo "2226"]
[PlyCount "78"]
[EventDate "2016.07.27"]
[EventCountry "NED"]

1. e4 c5 2. Nf3 d6 3. d4 cxd4 4. Nxd4 Nf6 5. Nc3 Nc6 6. Be3 Ng4 7. Bb5 Nxe3 8.
fxe3 Bd7 9. O-O e6 10. Bxc6 bxc6 11. Qf3 Qf6 12. Qe2 Qg5 13. Qf3 Qf6 14. Qe2
Qg5 15. Qf3 Qg6 16. e5 d5 17. Qe2 Be7 18. Qa6 O-O 19. Qb7 Bg5 20. Rf3 c5 21.
Qxd7 cxd4 22. exd4 Qxc2 23. Raf1 Qd2 24. Nb5 Qe2 25. h4 Rad8 26. Qxa7 Be3+ 27.
Kh2 Qxb5 28. Rxf7 Bh6 29. R1f2 Qd3 30. g4 Qe4 31. Kg3 Be3 32. R2f3 Bxd4 33.
Rxg7+ Kh8 34. Rxh7+ Qxh7 35. Qxd4 Rxf3+ 36. Kxf3 Qxh4 37. Qf4 Kg7 38. Ke2 Rf8
39. Qe3 Qxg4+ 0-1

[Event "Condigne Dutch Open 2016"]
[Site "dieren"]
[Date "2016.07.27"]
[Round "2"]
[White "Heemskerk, Wim"]
[Black "Klaver, Cornelis"]
[Result "1-0"]
[WhiteElo "2201"]
[BlackElo "2106"]
[PlyCount "69"]
[EventDate "2016.07.27"]
[EventCountry "NED"]

1. Nf3 d5 2. g3 e6 3. Bg2 Bd6 4. O-O c6 5. b3 Nd7 6. c4 Ngf6 7. Nc3 O-O 8. d4
a6 9. Qc2 b6 10. e4 dxe4 11. Ng5 Bb7 12. Ngxe4 Be7 13. Bf4 Nxe4 14. Nxe4 Nf6
15. Nc3 Ra7 16. Rfd1 Ba8 17. Rd3 Rd7 18. Rad1 b5 19. Bf3 h6 20. h4 Qc8 21. Qe2
Rfd8 22. g4 Nh7 23. Bg3 Bf6 $11 24. Ne4 Be7 25. c5 Nf6 26. Nd6 Bxd6 27. Bxd6
Nd5 28. Qe5 Re8 29. g5 hxg5 30. hxg5 Qd8 31. Be4 f5 32. gxf6 Qxf6 33. Qh2 Ne7
34. Bxe7 Rexe7 35. Qh7+ 1-0

[Event "Condigne Dutch Open 2016"]
[Site "dieren"]
[Date "2016.07.27"]
[Round "2"]
[White "Corstjens, Rolf"]
[Black "Van Meegen, Ruud"]
[Result "0-1"]
[WhiteElo "2083"]
[BlackElo "2201"]
[PlyCount "48"]
[EventDate "2016.07.27"]
[EventCountry "NED"]

1. e4 e5 2. Nf3 Nc6 3. Bb5 a6 4. Ba4 Nf6 5. O-O Be7 6. Re1 b5 7. Bb3 O-O 8. c3
d5 9. exd5 Nxd5 10. Nxe5 Nxe5 11. Rxe5 c6 12. d3 Bd6 13. Re1 Qh4 14. g3 Qh3 15.
Qe2 Bg4 16. Qf1 Qh5 17. Bd1 Bxd1 18. Rxd1 f5 19. h3 f4 20. g4 Qh4 21. c4 Ne3
22. Bxe3 fxe3 23. f3 Qg3+ 24. Qg2 e2 0-1

[Event "Condigne Dutch Open 2016"]
[Site "dieren"]
[Date "2016.07.28"]
[Round "3"]
[White "L'Ami, Erwin"]
[Black "Pruijssers, Roeland"]
[Result "1-0"]
[WhiteElo "2606"]
[BlackElo "2463"]
[PlyCount "99"]
[EventDate "2016.07.27"]
[EventCountry "NED"]
[TimeControl "6000+1080"]
[WhiteClock "0:08:36"]
[BlackClock "0:07:15"]

1. d4 f5 2. g3 Nf6 3. Bg2 g6 4. Nf3 Bg7 5. O-O O-O 6. c4 d6 7. Nc3 Qe8 8. Re1
Qf7 9. d5 Ne4 10. Ng5 Nxc3 11. bxc3 Qf6 12. e4 h6 13. Nf3 fxe4 14. Rxe4 Na6 15.
Be3 Bf5 16. Bd4 Qf7 17. Re3 Rae8 18. Bxg7 Qxg7 19. Nd4 Nc5 20. Qe2 Bd7 21. Re1
Rf7 22. h4 g5 23. hxg5 hxg5 24. Qh5 Ref8 25. Nf3 Bf5 26. Qxg5 Bd3 27. Qxg7+
Kxg7 28. Ng5 Rxf2 29. Rxe7+ Kg6 30. Ne6 R8f7 31. Nf4+ R2xf4 32. gxf4 Bxc4 33.
Rxf7 Kxf7 34. a3 Na4 35. Kf2 b5 36. Re3 Nb6 37. Rh3 Kg7 38. Rh5 Na4 39. Ke3
Nxc3 40. Bf3 a5 41. Kd4 Be2 42. Rh3 b4 43. axb4 Nb5+ 44. Ke4 Nc3+ 45. Kf5 axb4
46. Ke6 Ba6 47. Ke7 Be2 48. f5 Bxf3 49. f6+ Kg6 50. Rxf3 1-0

[Event "Condigne Dutch Open 2016"]
[Site "dieren"]
[Date "2016.07.28"]
[Round "3"]
[White "Debashis, Das"]
[Black "Reinderman, Dimitri"]
[Result "1/2-1/2"]
[WhiteElo "2451"]
[BlackElo "2584"]
[PlyCount "54"]
[EventDate "2016.07.27"]
[EventCountry "NED"]
[TimeControl "6000+1440"]
[WhiteClock "0:09:20"]
[BlackClock "0:24:45"]

1. d4 Nf6 2. c4 g6 3. Nc3 Bg7 4. e4 d6 5. Nf3 O-O 6. Be3 c5 7. dxc5 Qa5 8. Bd2
Qxc5 9. Be2 Bg4 10. O-O Nc6 11. Be3 Qb4 12. a3 Qa5 13. Nd2 Bxe2 14. Qxe2 Rfc8
15. Rfc1 Nd7 16. b4 Qd8 17. Rab1 a5 18. Nd5 axb4 19. axb4 b6 20. Nf3 Ra4 21.
Qd1 Ra3 22. Bg5 h6 23. Bh4 g5 24. Bg3 e6 25. Ne3 Nde5 26. Nxe5 Nxe5 27. Rb3
Rxb3 1/2-1/2

[Event "Condigne Dutch Open 2016"]
[Site "dieren"]
[Date "2016.07.28"]
[Round "3"]
[White "Sandipan, Chanda"]
[Black "Beerdsen, Thomas"]
[Result "1-0"]
[WhiteElo "2568"]
[BlackElo "2414"]
[PlyCount "83"]
[EventDate "2016.07.27"]
[EventCountry "NED"]
[TimeControl "6000+1210"]
[WhiteClock "0:07:10"]
[BlackClock "0:08:21"]

1. d4 Nf6 2. Nf3 e6 3. Bf4 c5 4. e3 Nc6 5. Nbd2 d5 6. c3 Nh5 7. Bg3 Nxg3 8.
hxg3 g6 9. Bd3 Bg7 10. dxc5 Qe7 11. e4 Qxc5 12. exd5 exd5 13. Qe2+ Be6 14. Ng5
O-O-O 15. Nxe6 fxe6 16. Qxe6+ Kb8 17. Nb3 Qb6 18. O-O Be5 19. Kh1 h5 20. Rae1
Bc7 21. Bxg6 Rd6 22. Qf7 h4 23. g4 Rdd8 24. Qf5 Rdf8 25. Qxd5 Rxf2 26. Nc5 Qxb2
27. Na6+ bxa6 28. Rxf2 Qxf2 29. Rb1+ Bb6 30. Qd6+ Kb7 31. Qd7+ Kb8 32. Qd6+ Kb7
33. Be4 Rc8 34. Qd7+ Rc7 35. Bxc6+ Kb8 36. Qe8+ Rc8 37. Qe5+ Rc7 38. Qe8+ Rc8
39. Qe5+ Rc7 40. Rd1 Qf8 41. Bf3 Qc8 42. c4 1-0

[Event "Condigne Dutch Open 2016"]
[Site "dieren"]
[Date "2016.07.28"]
[Round "3"]
[White "Ikonnikov, Vyacheslav"]
[Black "Maris, Ivo"]
[Result "1/2-1/2"]
[WhiteElo "2538"]
[BlackElo "2370"]
[PlyCount "102"]
[EventDate "2016.07.27"]
[EventCountry "NED"]
[TimeControl "6000+790"]
[WhiteClock "0:12:53"]
[BlackClock "0:45:38"]

1. Nf3 Nf6 2. c4 e6 3. Nc3 d5 4. d4 dxc4 5. Qa4+ c6 6. Qxc4 b5 7. Qd3 Nbd7 8.
e4 b4 9. Na4 Qa5 10. b3 c5 11. d5 exd5 12. exd5 Bd6 13. Qe2+ Kf8 14. Qd1 Ba6
15. Bxa6 Qxa6 16. Be3 Re8 17. Qe2 Qxe2+ 18. Kxe2 Nxd5 19. Rhd1 Nxe3 20. fxe3
Ke7 21. Nb2 Ne5 22. Rd5 Nxf3 23. gxf3 Rc8 24. Nc4 Rhd8 25. f4 Bb8 26. Rh5 Rh8
27. Rd1 g6 28. Rhd5 Rhd8 29. h4 Rxd5 30. Rxd5 Ke6 31. Rg5 Bd6 32. h5 Rc6 33.
hxg6 hxg6 34. Rg2 Be7 35. Kd3 Rc8 36. Ke4 Rd8 37. a3 f5+ 38. Kf3 Rd3 39. axb4
Rxb3 40. Na5 Rxb4 41. Nc6 Rb6 42. Rxg6+ Bf6 43. Ne5 Ke7 44. Nc4 Re6 45. Ke2 Ra6
46. Rh6 Ke6 47. Kd3 Ra1 48. Kc2 Ra6 49. Kd3 Ra1 50. Kc2 Ra6 51. Kd3 Ra1 {Ke4
Ke5+} 1/2-1/2

[Event "Condigne Dutch Open 2016"]
[Site "dieren"]
[Date "2016.07.28"]
[Round "3"]
[White "Hausrath, Daniel"]
[Black "Schippers, Maurice"]
[Result "1/2-1/2"]
[WhiteElo "2483"]
[BlackElo "2220"]
[PlyCount "90"]
[EventDate "2016.07.27"]
[EventCountry "NED"]
[TimeControl "6000+1365"]
[WhiteClock "0:09:37"]
[BlackClock "0:19:20"]

1. Nf3 Nf6 2. g3 d5 3. Bg2 c6 4. O-O Bf5 5. d3 h6 6. c4 e6 7. Be3 dxc4 8. dxc4
Nbd7 9. Nc3 Be7 10. Qc1 Qc7 11. Rd1 O-O 12. h3 Rfd8 13. b3 Bh7 14. Qb2 Bc5 15.
Bxc5 Nxc5 16. b4 Nce4 17. Nxe4 Bxe4 18. Qe5 Qe7 19. a3 a5 20. Qc3 axb4 21.
Rxd8+ Qxd8 22. axb4 Rxa1+ 23. Qxa1 Qb6 24. Qa8+ Kh7 25. Qa3 Qd8 26. Qc1 Kg8 27.
Qd2 Qa8 28. Nd4 Qa1+ 29. Kh2 Bxg2 30. Kxg2 Qb1 31. Nf3 b5 32. Qd8+ Kh7 33. Qd3+
Qxd3 34. exd3 Nd7 35. Kf1 e5 36. Ke2 Kg6 37. Nd2 Nb6 38. Kd1 Kf6 39. Kc2 Ke6
40. Kb3 f5 41. Nb1 Nc8 42. Kc3 Nd6 43. Nd2 g6 44. f3 Ke7 45. Kc2 Ke6 1/2-1/2

[Event "Condigne Dutch Open 2016"]
[Site "dieren"]
[Date "2016.07.28"]
[Round "3"]
[White "Schoppen, Casper"]
[Black "Khenkin, Igor"]
[Result "1/2-1/2"]
[WhiteElo "2298"]
[BlackElo "2553"]
[PlyCount "62"]
[EventDate "2016.07.27"]
[EventCountry "NED"]
[TimeControl "6000+1380"]
[WhiteClock "0:06:43"]
[BlackClock "0:01:08"]

1. Nf3 d5 2. c4 d4 3. g3 Nc6 4. Bg2 e5 5. d3 Nf6 6. Bg5 h6 7. Bxf6 Qxf6 8. Nbd2
Be7 9. O-O O-O 10. a3 a5 11. Ne1 h5 12. Nc2 h4 13. Rb1 a4 14. b4 axb3 15. Rxb3
Na5 16. Rb1 c6 17. Qe1 hxg3 18. hxg3 Qh6 19. Nf3 Qh5 20. e3 e4 21. dxe4 d3 22.
Nb4 Nxc4 23. Nxd3 Nxa3 24. Rc1 Qa5 25. Nd4 Rd8 26. Qxa5 Rxa5 27. Rfd1 Nb5 28.
Ne5 Nxd4 29. exd4 Ra4 30. d5 cxd5 31. exd5 Bf5 1/2-1/2

[Event "Condigne Dutch Open 2016"]
[Site "dieren"]
[Date "2016.07.28"]
[Round "3"]
[White "Maatman, Nick"]
[Black "Horvath, Csaba"]
[Result "0-1"]
[WhiteElo "2314"]
[BlackElo "2520"]
[PlyCount "50"]
[EventDate "2016.07.27"]
[EventCountry "NED"]
[TimeControl "6000+1505"]
[WhiteClock "0:06:33"]
[BlackClock "0:08:30"]

1. d4 Nf6 2. Bg5 d5 3. Nf3 c5 4. Bxf6 gxf6 5. e3 Nc6 6. c3 e5 7. Nbd2 e4 8. Nh4
f5 9. Qh5 cxd4 10. cxd4 Qa5 11. Nxf5 Nb4 12. Rc1 Nxa2 13. Ra1 Bb4 14. Rd1 Bd7
15. Ng7+ Kf8 16. Qe5 Rg8 17. Nh5 Ba4 18. Nf6 Rg7 19. b3 Bxb3 20. Nd7+ Kg8 21.
Nf6+ Kh8 22. Nh5 Bf8 23. Rb1 Rc8 24. Be2 Qxd2+ 25. Kxd2 Bb4# 0-1

[Event "Condigne Dutch Open 2016"]
[Site "dieren"]
[Date "2016.07.28"]
[Round "3"]
[White "Sahil, Tickoo"]
[Black "Van Dooren, Dirk"]
[Result "1/2-1/2"]
[WhiteElo "2016"]
[BlackElo "2390"]
[PlyCount "160"]
[EventDate "2016.07.27"]
[EventCountry "NED"]
[TimeControl "6000+1145"]
[WhiteClock "0:04:21"]
[BlackClock "0:06:04"]

1. d4 e6 2. Nf3 f5 3. Bg5 Be7 4. Bxe7 Qxe7 5. Nbd2 Nf6 6. e3 d6 7. Bd3 e5 8.
dxe5 dxe5 9. e4 f4 10. Qe2 Bg4 11. O-O-O Nbd7 12. h3 Bxf3 13. gxf3 O-O-O 14.
Nb3 Nc5 15. Nxc5 Qxc5 16. Bc4 Rhe8 17. c3 a5 18. h4 c6 19. Rhg1 Re7 20. a3 Kc7
21. b4 axb4 22. axb4 Qa7 23. Rxd8 Kxd8 24. Kb2 Qb6 25. Rd1+ Kc7 26. Bb3 Qa7 27.
Ra1 Qb8 28. Rd1 Qe8 29. b5 cxb5 30. c4 bxc4 31. Qxc4+ Kb8 32. Ba4 Qc8 33. Qb4
Re6 34. Qa5 b6 35. Qb5 Kb7 36. Bb3 Rc6 37. Qxe5 Qc7 38. Qd4 Rc5 39. Kb1 Qe5 40.
Qxe5 Rxe5 41. Rg1 g6 42. Rg5 Rxg5 43. hxg5 Nd7 44. Bg8 Ne5 45. Bxh7 Kc6 46. Kc2
Kc5 47. Kc3 b5 48. Kb3 b4 49. Kc2 Kb5 50. Kb3 Ka5 51. Bg8 Nxf3 52. Bf7 Nd2+ 53.
Kc2 Nxe4 54. Bxg6 Nxg5 55. Be8 Kb6 56. Kd3 Kc5 57. Ba4 Nh3 58. Ke4 Kc4 59. Kf3
Kc3 60. Bd1 Kd2 61. Bb3 Ke1 62. Bc4 Nxf2 63. Kxf4 Kd2 64. Bf7 Kc3 65. Ke3 Nd1+
66. Ke2 Nb2 67. Ba2 Kc2 68. Bf7 Kc3 69. Ba2 Nc4 70. Kd1 Nd2 71. Kc1 Nb3+ 72.
Kb1 Nd2+ 73. Kc1 Nc4 74. Bxc4 Kxc4 75. Kb2 b3 76. Kb1 Kb4 77. Kb2 Ka4 78. Kb1
Ka3 79. Ka1 b2+ 80. Kb1 Kb3 1/2-1/2

[Event "Condigne Dutch Open 2016"]
[Site "dieren"]
[Date "2016.07.28"]
[Round "3"]
[White "Zwirs, Nico"]
[Black "Nachbar, Benjamin"]
[Result "1-0"]
[WhiteElo "2374"]
[BlackElo "2124"]
[PlyCount "73"]
[EventDate "2016.07.27"]
[EventCountry "NED"]
[TimeControl "6000+1090"]
[WhiteClock "0:09:16"]
[BlackClock "0:09:01"]

1. e4 d6 2. d4 Nf6 3. f3 e5 4. d5 Nbd7 5. Ne2 h5 6. Be3 h4 7. c4 Be7 8. Qc2 a5
9. Rg1 Nc5 10. Nd2 Bd7 11. O-O-O a4 12. Kb1 Kf8 13. Nc1 b6 14. Nd3 g6 15. Be2
Kg7 16. Rdf1 Nh5 17. g3 Bh3 18. Rf2 Bg5 19. f4 Nxd3 20. Qxd3 Bf6 21. fxe5 Bxe5
22. g4 Nf6 23. Bg5 Qe8 24. Qxh3 Bd4 25. Bxf6+ Bxf6 26. Rgf1 Be5 27. Rxf7+ Qxf7
28. Rxf7+ Kxf7 29. Nf3 Rae8 30. Ng5+ Ke7 31. Ne6 c5 32. Bd1 Rh7 33. Bxa4 Reh8
34. Ng5 Rg7 35. Nf3 g5 36. Nxe5 dxe5 37. Qc3 1-0

[Event "Condigne Dutch Open 2016"]
[Site "dieren"]
[Date "2016.07.28"]
[Round "3"]
[White "Vedder, Richard"]
[Black "Sagar, Shah"]
[Result "0-1"]
[WhiteElo "2268"]
[BlackElo "2433"]
[PlyCount "58"]
[EventDate "2016.07.27"]
[EventCountry "NED"]

1. e4 c6 2. d4 d5 3. e5 Bf5 4. Nc3 e6 5. g4 Bg6 6. Nge2 c5 7. h4 h5 8. Nf4 Bh7
9. g5 cxd4 10. Nb5 Be4 11. Rh3 g6 12. Nxd4 Ne7 13. Rb3 Nec6 14. Rxb7 Qc8 15.
Rb3 Bc5 16. Nxc6 Nxc6 17. Bb5 O-O 18. Bxc6 Qxc6 19. Nd3 Bb6 20. f3 Bf5 21. Bd2
Rfc8 22. Bc3 a5 23. Ke2 a4 24. Rxb6 Qxb6 25. Qg1 Qb5 26. a3 Rc4 27. Kd2 {
Diagram [#]} d4 $1 {En opgegeven wegens} 28. Bxd4 Rxc2+ 29. Kxc2 Qxd3+ 0-1

[Event "Condigne Dutch Open 2016"]
[Site "dieren"]
[Date "2016.07.28"]
[Round "3"]
[White "Milov, Leonid"]
[Black "Heemskerk, Wim"]
[Result "1/2-1/2"]
[WhiteElo "2430"]
[BlackElo "2201"]
[PlyCount "111"]
[EventDate "2016.07.27"]
[EventCountry "NED"]

1. e4 e6 2. Nf3 d5 3. e5 c5 4. c3 Nc6 5. Na3 f6 6. Bb5 Bd7 7. O-O fxe5 8. Bxc6
bxc6 9. Nxe5 Nf6 10. d3 Bd6 11. f4 O-O 12. Qe2 Qc7 13. Nc2 Rae8 14. Ne1 Re7 15.
N1f3 Be8 16. g4 c4 17. dxc4 Ne4 18. Be3 g5 19. c5 Nxc5 20. Nxg5 Nd7 21. Bd4 c5
22. Nxd7 Bxd7 23. Be5 Qb8 24. Rae1 Bxe5 25. Qxe5 Rg7 26. h3 Qxb2 27. Rf2 Qb6
28. Nxe6 Bxe6 29. Qxe6+ Qxe6 30. Rxe6 h5 31. g5 Rgf7 32. Rg6+ Kh7 33. Rc6 Rxf4
34. Rxf4 Rxf4 35. Rxc5 Ra4 36. Kg2 Kg6 37. Rxd5 Rc4 38. Rd4 Rxc3 39. h4 Rc2+
40. Kf3 Rxa2 41. Rd6+ Kg7 42. Rh6 Ra4 43. Kg3 Ra3+ 44. Kf4 Ra4+ 45. Kf5 Ra5+
46. Kf4 Ra4+ 47. Kg3 Ra3+ 48. Kf2 Ra4 49. Rxh5 Ra6 50. Ke3 Rb6 51. Kd4 Kg8 52.
Kc5 Kg7 53. Rh6 Rxh6 54. gxh6+ Kh7 55. Kb5 Kxh6 56. Ka6 1/2-1/2